000 00342 a2200169 4500
001 190821
020 _a978-85-7153-275-5
040 _cMagnum
100 _aLanznaster, Roberto
240 1 0 _aPocotinhas
_lpor
245 1 0 _aPocotinhas
300 _a43
362 0 _a2011
440 1 _aRHJ
697 _aLITERATURA INFANTO
942 _cBK
999 _c190821
_d190821